ბათუმის შოთა რუსთაველის სახელმწიფო უნივერსიტეტის ბიბლიოთეკა

ცხოვრება მუჰამმედისა / (ბიბ.ჩანაწერი № 55635)

000 -ლიდერი
ფიქსირებული სიგრძის საკონტროლო ველი 01523nam a2200289Ia 4500
001 - საკონტროლო ნომერი
საკონტროლო ველი 22730
003 - საკონტროლო ნომრის იდენტიფიკატორი
საკონტროლო ველი GE_BSU
005 - ბოლო ოპერაციის თარიღი და დრო
საკონტროლო ველი 20230403105040.0
008 - ფიქსირებული სიგრძის მონაცემთა ელემენტები - ზოგადი ინფორმაცია
ფიქსირებული სიგრძის საკონტროლო ველი 181216s2016||||ge |||||||||||||| ||geo||
040 ## - კატალოგიზაციის წყარო
Transcribing agency GE_BSU
041 ## - ენის კოდი
Language code of text/sound track or separate title geo
080 ## - უნივერსალური ათობითი კლასიფიკაციის ინდექსი
Universal Decimal Classification number 28-3 ლ-63
100 ## - მთავარი ჩანაწერი - პიროვნების სახელი
Personal name ლინგსი, მარტინ.
9 (RLIN) 17343
245 ## - ცნობა სათაურის შესახებ
Title ცხოვრება მუჰამმედისა /
Statement of responsibility, etc მარტინ ლინგსი (აბუ ბექირ სირაჯ ადდინ); ინგლისურიდან თარგმნა მარიამ ნანობაშვილმა; თეოლ. რედ. რეზო მიქელაძე; საერთაშორისო საქველმოქმედო ფონდი.
250 ## - გამოცემის ცნობა
Edition statement მე-2 გამოცემა.
264 ## - წარმოების, გამოცემის, დისტრიბუციის და სხვა ცნობები
გამოცემის, წარმოების, დისტრიბუციის... ადგილი სტამბოლი,
გამოცემის, წარმოების, დისტრიბუციის... თარიღი 2016.
300 ## - ფიზიკური აღწერა
Extent 570 გვ.;
Other physical details 23 სმ.
504 ## - BIBLIOGRAPHY, ETC. NOTE
Bibliography, etc ბიბლიოგრ. ტექსტის შენიშვნებში.
653 ## - INDEX TERM--UNCONTROLLED
Uncontrolled term ისლამი
653 ## - INDEX TERM--UNCONTROLLED
Uncontrolled term რელიგია
653 ## - INDEX TERM--UNCONTROLLED
Uncontrolled term მუჰამმედის ცხოვრება
700 ## - ADDED ENTRY--PERSONAL NAME
Personal name ნანობაშვილი, მარიამ
Relator term მთარგმნელი
9 (RLIN) 17344
700 ## - ADDED ENTRY--PERSONAL NAME
Personal name მიქელაძე, რეზო
Relator term თეოლ. რედაქტორი
9 (RLIN) 17345
710 ## - ADDED ENTRY--CORPORATE NAME
Corporate name or jurisdiction name as entry element საერთაშორისო საქველმოქმედო ფონდი
9 (RLIN) 17346
942 ## - ADDED ENTRY ELEMENTS (KOHA)
Koha item type წიგნი
Source of classification or shelving scheme
ეგზემპლარები
ჩამოწერის სტატუსი დაკარგული ეგზემპლარის სტატუსი კლასიფიკაციის წყარო ან თაროზე გაწყობის სქემა დაზიანების სტატუსი არ გაიცემა მუდმივი მდებარეობა (დაცვის ადგილი) ამჟამინდელი ადგილსამყოფელი თაროზე განთავსების ადგილი შეძენის თარიღი ღირებულება, შესყიდვის ნორმალური ფასი სრული შენახვის შიფრი შტრიხკოდი ბოლო ოპერაციის თარიღი ეგზემპლარის მიმდევრობითი ნომერი (კეტერი?) ფასის ძალაში შესვლის თარიღი ეგზემპლარის სახეობა საჯარო შენიშვნა
          ბათუმის შოთა რუსთაველის სახელმწიფო უნივერსიტეტის მთავარი ბიბლიოთეკა ბათუმის შოთა რუსთაველის სახელმწიფო უნივერსიტეტის მთავარი ბიბლიოთეკა წიგნსაცავი 2018-12-17 5.00 28-3 ლ-63 58190 2018-12-17 58190 2018-12-17 წიგნი 5 ლ.
          ბათუმის შოთა რუსთაველის სახელმწიფო უნივერსიტეტის მთავარი ბიბლიოთეკა ბათუმის შოთა რუსთაველის სახელმწიფო უნივერსიტეტის მთავარი ბიბლიოთეკა წიგნსაცავი 2023-04-03 5.00 28-3 ლ-63 64115 2023-04-03 64115 2023-04-03 წიგნი 5 ლ.